000 00308nam a2200133Ia 4500
005 20251222155122.0
008 251222s9999||||xx |||||||||||||| ||spa||
082 _aLEN.54
100 _aDICKENS Charles,
245 0 _aHistoria de dos Ciudades
250 _a1ra. ed.
264 _bEl comercio
942 _cLIB
999 _c38480
_d38480